000 00538nam a2200145 a 4500
001 000041740
005 20201002035728.0
008 131016s1999 dr 000 0 spa d
040 _aDO-SdBNP
_bspa
_cBNPHU
100 1 _aAbreu, Fabio A.
_968585
245 1 4 _aLos derechos y deberes del ciudadano dominicano en la cotidianidad /
_cFabio A. Abreu, Ricardo González Camacho.
260 _aSanto Domingo m :
_bPontificia Universidad Católica Madre y Maestra,
_c1999.
300 _a28 p. ;
_c21 cm.
710 2 _aGonzález Camacho, Ricardo
_968586
999 _c41229
_d41229